000 00735nam a2200229Ia 4500
003 GCL
008 140319s9999 xx 000 0 ara d
020 _a4008408977
040 _aGCL /
_cGCL
082 0 4 _a332.642
_bك ا
100 1 _aكويل، برايان
245 1 0 _aاسواق العملات الاجنبية /
_cكويل، برايان
260 _aالقاهرة :
_bدار الفاروق للنشر والتوزيع ،
_c2005
300 _a160 ص ؛
_c24 سم
650 0 4 _aالعقود
650 0 4 _aالاستثمارات الاجنبية
650 0 4 _aالبورصات
650 0 4 _aالعملات
650 0 4 _aالصفقات الاجنبية
650 0 4 _aالعملات الاجنبية
942 _2ddc
_cBK
999 _c8256
_d8256